| 000 | 00478nam a2200169 a 4500 | ||
|---|---|---|---|
| 005 | 20140310183225.0 | ||
| 008 | 040308s19uu xx 00 eng d | ||
| 020 | _a0671698389 | ||
| 050 |
_aPZ 7 _b.C522 1989 |
||
| 100 | _aCherryh, C.J. | ||
| 245 |
_aThe sword of knowledge book II : _cC.J. Cherryh; Leslie Fish. _bwizard spawn / |
||
| 260 |
_aNew York : _bBaen Pub., _c1989. |
||
| 300 |
_a393 p. : _c17cm. |
||
| 650 | _aFantasy Fiction | ||
| 942 |
_cBK _2lcc |
||
| 999 |
_c20398 _d20398 |
||